02564cam a2200301 a 450000100090000000300040000900500170001300800410003001000170007101500190008801600180010702000310012502000280015603500240018404000450020804200080025305000210026108200190028224500750030125000120037626000450038830000500043350400510048350516230053465000270215765000530218470000250223716117939OSt20230915140038.0100304s2011 ilua b 001 0 eng  a 2010008782 aGBB0A44162bnb7 a0156390742Uk a9780736081672 (hard cover) a0736081674 (hard cover) a(OCoLC)ocn544474648 aDLCcDLCdYDXdYDXCPdCDXdUKMdTLEdDLC apcc00aGV713b.C66 201100a796.069bPED/C00aContemporary sport management /cPaul M. Pedersen...[et al.], editors. a4th ed. aChampaign, IL :bHuman Kinetics,cc2011. axvii, 461 p. :bill. (chiefly col.) ;c29 cm. aIncludes bibliographical references and index.0 aManaging sport in the 21st century / Janet B. Parks, Jerome Quarterman, Lucie Thibault -- Developing a professional perspective / Sally R. Ross, Kathryn S. Hoff, JoAnn Kroll -- Historical aspects of the sport business industry / Lawrence W. Fielding, Paul M. Pedersen, Brenda G. Pitts -- Management concepts and practice in sport organizations / Lucie Thibault, Jerome Quarterman -- Managerial leadership in sport organizations / Jerome Quarterman, Ming Li, Lucie Thibault -- Professional sport / James (Jay) M. Gladden, William A. Sutton -- Intercollegiate athletics / Ellen J. Staurowsky, Robertha Abney -- Interscholastic athletics / Warren A. Whisenant, Eric W. Forsyth -- Youth and community sport / Marlene A. Dixon, Jennifer E. Bruening -- Sport management and marketing agencies / William A. Sutton , Nicole Fowler, Mark A. McDonald -- Sport tourism / Heather Gibson, Sheranne Fairley -- Sport marketing / F. Wayne Blann, Ketra L. Armstrong -- Communication in the sport industry / G. Clayton Stoldt, Stephen W. Dittmore, Paul M. Pedersen -- Finance and economics in the sport industry / Timothy D. DeSchriver, Daniel F. Mahony -- Sport facility and event management / Robin Ammon, Jr., David K. Stotlar -- Sport consumer behavior / B. Christine Green, Carla A. Costa -- Legal considerations in sport management / Anita M. Moorman, R. Christopher Reynolds -- Sociological aspects of sport / Nicole M. Lavoi, Mary Jo Kane -- A North American perspective in international sport / Ted G. Fay, Luisa Velez, Janet B. Parks -- Sport management questions and research / Jess C. Dixon, Wendy Frisby, Robert L. Boucher. 0aSports administration. 0aPhysical education and trainingxAdministration.1 aPedersen, Paul Mark.